[Event "MSR_ch20"]
[Site "?"]
[Date "2024.04.09"]
[Round "6.19"]
[White "Hulic, Michal"]
[Black "Sustek, Adam"]
[Result "0-1"]
[BlackElo "1910"]
[WhiteElo "1575"]
[LiveChessVersion "1.4.8"]

1. e4 {[%clk 1:30:55]} e6 {[%clk 1:30:22]} 2. d4 {[%clk 1:31:11]} d5
{[%clk 1:30:45]} 3. exd5 {[%clk 1:31:34]} exd5 {[%clk 1:31:08]} 4. Nf3
{[%clk 1:31:56]} Bd6 {[%clk 1:31:17]} 5. Bd3 {[%clk 1:32:01]} Ne7
{[%clk 1:29:26]} 6. O-O {[%clk 1:30:48]} h6 {[%clk 1:26:33]} 7. Re1
{[%clk 1:27:58]} O-O {[%clk 1:25:48]} 8. c3 {[%clk 1:25:53]} Bf5 {[%clk 1:22:36]}
9. Be3 {[%clk 1:24:08]} Bxd3 {[%clk 1:16:12]} 10. Qxd3 {[%clk 1:24:24]} c6
{[%clk 1:15:05]} 11. Nbd2 {[%clk 1:23:45]} Ng6 {[%clk 1:13:47]} 12. Nb3
{[%clk 1:14:21]} Nd7 {[%clk 1:11:01]} 13. Re2 {[%clk 1:08:41]} b6
{[%clk 1:04:56]} 14. Rae1 {[%clk 1:02:05]} Nf6 {[%clk 1:03:01]} 15. Bc1
{[%clk 0:59:50]} Ne4 {[%clk 0:55:08]} 16. g3 {[%clk 0:50:57]} Qd7
{[%clk 0:44:49]} 17. Nfd2 {[%clk 0:39:27]} f5 {[%clk 0:40:46]} 18. Kg2
{[%clk 0:36:24]} f4 {[%clk 0:29:49]} 19. Nf3 {[%clk 0:27:07]} fxg3
{[%clk 0:27:26]} 20. hxg3 {[%clk 0:26:52]} Qg4 {[%clk 0:25:14]} 21. Nh2
{[%clk 0:22:54]} Nh4+ {[%clk 0:19:07]} 22. Kg1 {[%clk 0:10:33]} Qh3
{[%clk 0:18:46]} 23. f4 {[%clk 0:07:11]} Bxf4 {[%clk 0:09:58]} 24. Bxf4
{[%clk 0:05:10]} Rxf4 {[%clk 0:09:09]} 25. Qe3 {[%clk 0:05:11]} Nf3+
{[%clk 0:05:20]} 26. Nxf3 {[%clk 0:03:47]} Qxg3+ {[%clk 0:05:34]} 27. Rg2
{[%clk 0:02:54]} Qxf3 {[%clk 0:05:59]} 28. Qxf3 {[%clk 0:02:57]} Rxf3
{[%clk 0:06:29]} 29. Rf1 {[%clk 0:02:37]} Rxf1+ {[%clk 0:05:57]} 30. Kxf1
{[%clk 0:03:05]} Rf8+ {[%clk 0:06:16]} 31. Ke2 {[%clk 0:03:17]} g5
{[%clk 0:06:14]} 32. Nc1 {[%clk 0:02:30]} Kg7 {[%clk 0:03:54]} 33. Nd3
{[%clk 0:02:44]} h5 {[%clk 0:03:31]} 34. Ne5 {[%clk 0:02:38]} Rf6
{[%clk 0:03:42]} 35. Ke3 {[%clk 0:01:46]} g4 {[%clk 0:02:11]} 36. Rg1
{[%clk 0:01:41]} Kh6 {[%clk 0:01:53]} 37. Rg2 {[%clk 0:01:34]} g3
{[%clk 0:01:27]} 38. Nf3 {[%clk 0:01:03]} Kg6 {[%clk 0:01:08]} 39. Ne5+
{[%clk 0:01:03]} Kg5 {[%clk 0:00:56]} 40. Nf3+ {[%clk 0:01:00]} Kg4
{[%clk 0:01:03]} 41. Ng1 {[%clk 0:00:45]} Rf2 {[%clk 0:00:48]} 0-1

[Event "MSR_ch20"]
[Site "?"]
[Date "2024.04.09"]
[Round "6.20"]
[White "Svorad, Tomas"]
[Black "Rerko, Samuel"]
[Result "1-0"]
[BlackElo "1584"]
[WhiteElo "1746"]
[LiveChessVersion "1.4.8"]

1. e4 {[%clk 1:30:50]} c5 {[%clk 1:30:52]} 2. d4 {[%clk 1:29:47]} cxd4
{[%clk 1:30:38]} 3. c3 {[%clk 1:30:03]} Nc6 {[%clk 1:27:57]} 4. cxd4
{[%clk 1:23:29]} d5 {[%clk 1:26:30]} 5. e5 {[%clk 1:21:43]} f6 {[%clk 1:23:55]}
6. Nc3 {[%clk 1:14:36]} Bf5 {[%clk 0:58:15]} 7. f4 {[%clk 0:58:48]} e6
{[%clk 0:49:33]} 8. Nf3 {[%clk 0:45:43]} a6 {[%clk 0:42:43]} 9. a4
{[%clk 0:44:28]} Nb4 {[%clk 0:39:52]} 10. Kd2 {[%clk 0:43:19]} Nc2
{[%clk 0:36:35]} 11. g4 {[%clk 0:38:57]} Nxa1 {[%clk 0:34:37]} 12. gxf5
{[%clk 0:39:18]} Qb6 {[%clk 0:34:13]} 13. Ke1 {[%clk 0:32:58]} Nb3
{[%clk 0:28:22]} 14. Bb5+ {[%clk 0:32:46]} axb5 {[%clk 0:26:54]} 15. Qxb3
{[%clk 0:33:04]} Qa5 {[%clk 0:19:54]} 16. fxe6 {[%clk 0:28:00]} O-O-O
{[%clk 0:16:13]} 17. Kf2 {[%clk 0:21:06]} bxa4 {[%clk 0:13:50]} 18. Nxa4
{[%clk 0:21:09]} Qb4 {[%clk 0:13:26]} 19. Qc2+ {[%clk 0:20:49]} Kb8
{[%clk 0:13:06]} 20. Bd2 {[%clk 0:20:41]} Qc4 {[%clk 0:12:45]} 21. Qxc4
{[%clk 0:15:39]} dxc4 {[%clk 0:13:04]} 22. Nb6 {[%clk 0:16:03]} Re8
{[%clk 0:12:35]} 23. exf6 {[%clk 0:14:12]} Nxf6 {[%clk 0:12:04]} 24. f5
{[%clk 0:13:49]} g6 {[%clk 0:11:31]} 25. Bf4+ {[%clk 0:06:06]} Ka7
{[%clk 0:11:43]} 26. Nxc4 {[%clk 0:06:00]} gxf5 {[%clk 0:10:51]} 27. Ra1+
{[%clk 0:05:59]} 1-0

[Event "MSR_ch20"]
[Site "?"]
[Date "2024.04.09"]
[Round "6.21"]
[White "Piroska, Samuel"]
[Black "Droppa, Kristian"]
[Result "1-0"]
[BlackElo "1594"]
[WhiteElo "1667"]
[LiveChessVersion "1.4.8"]

1. d4 {[%clk 1:30:27]} Nf6 {[%clk 1:30:33]} 2. Nf3 {[%clk 1:30:50]} d5
{[%clk 1:30:21]} 3. c3 {[%clk 1:30:58]} e6 {[%clk 1:30:25]} 4. Bf4
{[%clk 1:30:58]} c5 {[%clk 1:29:32]} 5. e3 {[%clk 1:30:41]} Qb6 {[%clk 1:24:37]}
6. Qb3 {[%clk 1:30:50]} c4 {[%clk 1:24:55]} 7. Qxb6 {[%clk 1:31:11]} axb6
{[%clk 1:25:11]} 8. Nbd2 {[%clk 1:30:54]} Nc6 {[%clk 1:22:42]} 9. Be2
{[%clk 1:31:09]} b5 {[%clk 1:22:05]} 10. O-O {[%clk 1:30:56]} b4 {[%clk 1:20:12]}
11. Ne5 {[%clk 1:26:14]} bxc3 {[%clk 1:02:46]} 12. bxc3 {[%clk 1:24:01]} Nd7
{[%clk 0:56:28]} 13. Ndf3 {[%clk 1:16:41]} Be7 {[%clk 0:47:00]} 14. Rfb1
{[%clk 1:16:20]} Ndxe5 {[%clk 0:44:03]} 15. Nxe5 {[%clk 1:16:26]} Ra3
{[%clk 0:40:43]} 16. Nxc6 {[%clk 1:01:54]} bxc6 {[%clk 0:40:33]} 17. Rc1
{[%clk 1:02:15]} O-O {[%clk 0:37:54]} 18. Rc2 {[%clk 1:00:05]} Bd7
{[%clk 0:35:17]} 19. Rb1 {[%clk 0:57:43]} Rfa8 {[%clk 0:35:12]} 20. Rb7
{[%clk 0:55:11]} R8a7 {[%clk 0:32:26]} 21. Rb8+ {[%clk 0:51:21]} Bf8
{[%clk 0:32:30]} 22. Bd6 {[%clk 0:51:43]} Ra8 {[%clk 0:30:57]} 23. Rxf8+
{[%clk 0:51:54]} Rxf8 {[%clk 0:31:10]} 24. Bxa3 {[%clk 0:52:18]} Rc8
{[%clk 0:30:47]} 25. Bb4 {[%clk 0:51:51]} f5 {[%clk 0:30:51]} 26. f4
{[%clk 0:51:51]} Kf7 {[%clk 0:31:05]} 27. a3 {[%clk 0:51:55]} h6 {[%clk 0:30:51]}
28. h4 {[%clk 0:51:24]} Kf6 {[%clk 0:31:05]} 29. Ra2 {[%clk 0:51:35]} g5
{[%clk 0:31:04]} 30. hxg5+ {[%clk 0:51:51]} hxg5 {[%clk 0:31:19]} 31. fxg5+
{[%clk 0:52:04]} Kxg5 {[%clk 0:31:41]} 32. a4 {[%clk 0:51:20]} f4
{[%clk 0:29:49]} 33. exf4+ {[%clk 0:50:31]} Kxf4 {[%clk 0:30:05]} 34. Kf2
{[%clk 0:50:50]} e5 {[%clk 0:29:44]} 35. Bd6 {[%clk 0:50:40]} Rg8
{[%clk 0:29:22]} 36. Bxe5+ {[%clk 0:50:41]} Ke4 {[%clk 0:29:37]} 37. g3
{[%clk 0:48:14]} Bc8 {[%clk 0:29:49]} 38. a5 {[%clk 0:47:44]} Ba6
{[%clk 0:27:57]} 39. Rd2 {[%clk 0:47:53]} Rf8+ {[%clk 0:26:33]} 40. Bf4
{[%clk 0:48:12]} Bb5 {[%clk 0:26:43]} 41. Bd1 {[%clk 0:47:57]} Rh8
{[%clk 0:26:22]} 42. Bc2# {[%clk 0:48:04]} 1-0

[Event "MSR_ch20"]
[Site "?"]
[Date "2024.04.09"]
[Round "6.22"]
[White "Richnak, Michal"]
[Black "Sulik, Adrian"]
[Result "1-0"]
[BlackElo "1000"]
[WhiteElo "1626"]
[LiveChessVersion "1.4.8"]

1. e4 {[%clk 1:30:50]} c6 {[%clk 1:30:51]} 2. f4 {[%clk 1:30:58]} d5
{[%clk 1:31:00]} 3. e5 {[%clk 1:31:22]} e6 {[%clk 1:29:09]} 4. d4
{[%clk 1:31:12]} c5 {[%clk 1:27:14]} 5. c3 {[%clk 1:29:48]} c4 {[%clk 1:27:08]}
6. Nf3 {[%clk 1:29:31]} Ne7 {[%clk 1:24:03]} 7. Be2 {[%clk 1:27:47]} Bd7
{[%clk 1:22:26]} 8. O-O {[%clk 1:26:47]} Ng6 {[%clk 1:21:07]} 9. b3
{[%clk 1:26:25]} b5 {[%clk 1:21:06]} 10. a4 {[%clk 1:26:33]} bxa4
{[%clk 1:19:16]} 11. bxc4 {[%clk 1:26:40]} dxc4 {[%clk 1:18:47]} 12. Na3
{[%clk 1:24:09]} Bxa3 {[%clk 1:18:09]} 13. Rxa3 {[%clk 1:22:53]} Qe7
{[%clk 1:17:01]} 14. Ng5 {[%clk 1:18:24]} O-O {[%clk 1:13:39]} 15. Bxc4
{[%clk 1:17:22]} f6 {[%clk 1:04:36]} 16. Ne4 {[%clk 1:16:21]} fxe5
{[%clk 1:02:18]} 17. fxe5 {[%clk 1:14:59]} Rxf1+ {[%clk 1:00:32]} 18. Qxf1
{[%clk 1:14:49]} Nc6 {[%clk 0:59:15]} 19. Nc5 {[%clk 1:14:41]} Ncxe5
{[%clk 0:55:40]} 20. Nxd7 {[%clk 1:12:55]} Nxd7 {[%clk 0:55:51]} 21. Rxa4
{[%clk 1:12:24]} Nb6 {[%clk 0:55:05]} 22. Ba3 {[%clk 1:11:59]} Qd7
{[%clk 0:52:51]} 23. Rb4 {[%clk 1:11:17]} Nxc4 {[%clk 0:51:08]} 24. Qxc4
{[%clk 1:10:56]} Qd5 {[%clk 0:47:43]} 25. Qc7 {[%clk 1:10:19]} h6
{[%clk 0:34:25]} 26. Rb7 {[%clk 1:09:09]} Qxb7 {[%clk 0:30:33]} 27. Qxb7
{[%clk 1:09:34]} Re8 {[%clk 0:30:54]} 28. Qd7 {[%clk 1:09:03]} Rb8
{[%clk 0:30:48]} 29. Qxe6+ {[%clk 1:09:09]} Kh7 {[%clk 0:31:07]} 30. Qe4
{[%clk 1:09:04]} Rc8 {[%clk 0:30:52]} 31. Bc5 {[%clk 1:09:17]} a5
{[%clk 0:30:53]} 32. Qd3 {[%clk 1:09:25]} a4 {[%clk 0:30:45]} 33. d5
{[%clk 1:09:42]} Rxc5 {[%clk 0:31:00]} 34. d6 {[%clk 1:09:11]} a3
{[%clk 0:30:39]} 35. d7 {[%clk 1:08:33]} a2 {[%clk 0:30:32]} 36. Qa6
{[%clk 1:08:49]} Rxc3 {[%clk 0:29:56]} 37. Qxa2 {[%clk 1:08:29]} Rd3
{[%clk 0:30:05]} 38. Qe6 {[%clk 1:08:21]} Rd1+ {[%clk 0:29:35]} 39. Kf2 Rd2+ 40.
Ke1 {[%clk 1:07:16]} Rxg2 {[%clk 0:29:00]} 41. d8=Q {[%clk 1:07:25]} Rg1+
{[%clk 0:28:50]} 42. Kf2 {[%clk 1:07:27]} Rg2+ {[%clk 0:28:58]} 43. Kf3
{[%clk 1:07:30]} Nh4+ {[%clk 0:28:34]} 44. Qxh4 {[%clk 1:07:46]} Rg5
{[%clk 0:28:13]} 45. Qhe4+ {[%clk 1:07:54]} Rg6 {[%clk 0:27:13]} 46. Q6xg6+
{[%clk 1:08:13]} Kg8 47. Qee8# 1-0

[Event "MSR_ch20"]
[Site "?"]
[Date "2024.04.09"]
[Round "6.23"]
[White "Zatko, Slavomir"]
[Black "Ondrejicka, Tomas"]
[Result "1-0"]
[BlackElo "1530"]
[WhiteElo "1684"]
[LiveChessVersion "1.4.8"]

1. e4 {[%clk 1:30:57]} e5 {[%clk 1:30:55]} 2. Nf3 {[%clk 1:31:24]} Nf6
{[%clk 1:31:16]} 3. Nxe5 {[%clk 1:31:13]} d6 {[%clk 1:31:35]} 4. Nxf7
{[%clk 1:31:10]} Kxf7 {[%clk 1:31:36]} 5. Nc3 {[%clk 1:31:32]} Be6
{[%clk 1:30:08]} 6. d4 {[%clk 1:31:16]} Be7 {[%clk 1:24:22]} 7. f4
{[%clk 1:30:57]} Bg4 {[%clk 1:17:55]} 8. Bc4+ {[%clk 1:30:01]} Kf8
{[%clk 1:16:15]} 9. Qd3 {[%clk 1:29:24]} Qd7 {[%clk 1:13:40]} 10. e5
{[%clk 1:28:49]} d5 {[%clk 1:11:18]} 11. exf6 {[%clk 1:28:43]} Qe6+
{[%clk 1:11:23]} 12. Qe3 {[%clk 1:25:36]} dxc4 {[%clk 1:09:38]} 13. fxe7+
{[%clk 1:24:09]} Kxe7 {[%clk 1:07:53]} 14. h3 {[%clk 1:21:46]} Qxe3+
{[%clk 1:05:44]} 15. Bxe3 {[%clk 1:22:08]} Bd7 {[%clk 1:03:47]} 16. O-O-O
{[%clk 1:21:41]} Bc6 {[%clk 1:02:49]} 17. d5 {[%clk 1:20:56]} Bd7
{[%clk 1:02:32]} 18. Rhe1 {[%clk 1:18:31]} Kd6 {[%clk 0:56:08]} 19. Ne4+
{[%clk 1:17:31]} Ke7 {[%clk 0:55:39]} 20. Nc5 c6 {[%clk 0:53:40]} 21. Nxb7
{[%clk 1:12:50]} cxd5 {[%clk 0:53:21]} 22. Bc5+ {[%clk 1:12:17]} Kf6
{[%clk 0:52:51]} 23. Re7 {[%clk 1:10:01]} Nc6 {[%clk 0:52:18]} 24. Rxd7
{[%clk 1:10:07]} Nd8 {[%clk 0:51:04]} 25. Nxd8 {[%clk 1:09:21]} Raxd8
{[%clk 0:51:25]} 26. Be7+ {[%clk 1:09:35]} 1-0